000 00778nam a2200217 a 4500
001 000038748
003 DO-SdBNP
005 20220926103341.0
007 ta
008 090701s2005 dr c 000 0 spa d
040 _aDO-SdBNP
_bspa
_cBNPHU
082 _axxxx
_bF356c
111 2 _aFeria Internacional del Libro
_n(8a :
_d2005 : 21-1 mayo
_cSanto Domingo, República Dominicana)
_965048
245 1 0 _a¿Quién es quién? :
_bcatalogo de expositores. /
260 _aSanto Domingo :
_bDirección General de la Feria del Libro:
_bSecretaría de Estado de Cultura,
_c2005.
300 _a53 p. :
_c21 cm.
500 _aGuía de participantes en la VIII Feria Internacional del Libro Santo Domingo.
590 _aInventariado, 2022/ YL
910 _aYLockward
942 _2ddc
_cLBS1
999 _c38238
_d38238